El Magisterio Pontificio contemporáneo

Bewaard in:
Bibliografische gegevens
Hoofdauteur: Guerrero Martínez, Fernando (Auteur)
Formaat: Boek
Taal:Spaans
Gepubliceerd in: Madrid B.A.C 1991
Onderwerpen:
Tags: Voeg label toe
Geen labels, Wees de eerste die dit record labelt!

MARC

LEADER 00000nam a2200000 a 4500
001 UCY5354
003 CL-VaPUC
008 950508e19910000SP |||||||||||||||||spa|d
082 0 4 |a 262.91  |b GUE  |2 21 
100 |a Guerrero Martínez, Fernando  |e author  |9 400048 
245 1 3 |a El Magisterio Pontificio contemporáneo 
300 |a 2 v 
942 |c BK 
945 |d 19950508 00:00:00  |a aalvarez 
260 |a Madrid  |b B.A.C  |c 1991 
650 0 |a Magisterio   |9 258739 
650 0 |a Encíclicas  |9 255643 
650 0 |a Papas  |9 258738 
650 7 |a LITURGIA  |2 CL-VaPUC  |9 334058 
650 0 |a Moral  |9 265913 
650 7 |a EVANGELIZACION  |2 CL-VaPUC  |9 334059 
583 |a last modification  |c 19950508 00:00:00  |k Rodrigo Vera 
999 |c 233028  |d 233026 
952 |0 0  |1 0  |4 0  |6 262_910000000000000_GUE_1991  |7 0  |8 DER_HDC  |9 238078  |a BIBDER  |b BIBDER  |d 2019-11-18  |h v.1  |i 3081613  |o 262.91 GUE 1991  |p 3081613  |r 2019-11-18  |w 2019-11-18  |x Ubicación 4to Piso  |y BK  |z Estos recursos deben solicitarse con anticipación  |k DER 
952 |0 0  |1 0  |4 0  |6 262_910000000000000_GUE_1991  |7 0  |8 DER_HDC  |9 238079  |a BIBDER  |b BIBDER  |d 2019-11-18  |h v.2  |i 3081621  |o 262.91 GUE 1991  |p 3081621  |r 2019-11-18  |w 2019-11-18  |x Ubicación 4to Piso  |y BK  |z Estos recursos deben solicitarse con anticipación  |k DER 
952 |0 0  |1 0  |4 0  |6 262_910000000000000_GUE_1991  |7 0  |8 F  |9 238080  |a BIBTEO  |b BIBTEO  |d 2019-11-18  |h v.2  |i 3185958  |o 262.91 GUE 1991  |p 3185958  |r 2025-01-17  |w 2019-11-18  |y BK_F  |k ICR